banner-ar

الحركة فى الفن و الحياة: كيف تقرا صورة / (Record no. 51182)

MARC details
000 -الفاتح
حقل البيانات ثابتة الطول 00400nam a2200133Ia 4500
008 - عناصر البيانات ثابتة الطول - معلومات عامة
حقل البيانات ثابتة الطول 140319s9999 xx 000 0 ara d
040 ## - مصدر الفهرسة
وكالة الفهرسة الأصلية GCL /
وكالة النسخ GCL
082 04 - رقم تصنيف ديوى العشرى
رقم التصنيف 701.8
رقم المادة ح ح
100 1# - المدخل الرئيسى - إسم شخصى
الإسم الشخصى حسن سليمان
245 10 - بيان العنوان
العنوان الحركة فى الفن و الحياة: كيف تقرا صورة /
بيان المسئوليه,etc حسن سليمان
300 ## - الوصف المادى
التعداد 128 ص
490 ## - بيان السلسلة
عنوان السلسلة المكتبة الثقافية
رقم المجلد/ التعيين التسلسلي 0
Holdings
حالة التراجع حالة الفقد حالة تلف ليس للاعارة المكان المؤقت الموقع الحالى تاريخ الاكتساب اجمالي اﻻعارات رقم الطلب الباركود تاريخ اخر مشاهدة تاريخ تفعيل السعر نوع وعاء كوها
        مكتبة القاهرة الكبرى مكتبة القاهرة الكبرى 03/26/2014   701.8\ح ح 122695 03/26/2014 03/26/2014 كتاب

Powered By

EGPV